[Event "Moscow Tal Memorial 1st"]
[Site "Moscow"]
[Date "2006.11.14"]
[Round "7"]
[White "Morozevich, Alexander"]
[Black "Mamedyarov, Shakhriyar"]
[Result "1/2-1/2"]
[WhiteElo "2747"]
[BlackElo "2728"]
[Annotator "Marin,M"]
[PlyCount "203"]
[EventDate "2006.11.06"]
[EventType "tourn"]
[EventRounds "9"]
[EventCountry "RUS"]
[EventCategory "20"]
[SourceTitle "CBM 116"]
[Source "ChessBase"]
[SourceDate "2007.02.01"]
[SourceVersion "1"]
[SourceVersionDate "2007.02.01"]
[SourceQuality "1"]

1. e4 e5 2. Nf3 Nc6 3. Bb5 a6 4. Ba4 Nf6 5. O-O Be7 6. Re1 b5 7. Bb3 d6 8. c3
O-O 9. h3 Nb8 10. d4 Nbd7 11. Nbd2 Bb7 12. Bc2 Re8 13. Nf1 Bf8 14. Ng3 g6 15.
b3 exd4 ({After having opened a new trend of fashion with} 15... d5 {in Essent
2006, Mamedyarov adopts an even more rare line now.}) 16. cxd4 c5 {Black aims
for a Benoni type of position.} 17. d5 $1 {With a black bishop developed on b7,
there is no need for White to refrain from this move.} ({Maintaining the
tension in the centre for too long would offer Black excellent counterplay:} 
17. Bb2 Bg7 18. Qd2 cxd4 19. Bxd4 Ne5 20. Nxe5 dxe5 21. Be3 Qxd2 22. Bxd2 Bf8
$15 {[%csl Rc2,Rd2,Ye4,Gg3][%cal Re8d8,Ra8d8,Rf8a3] Tzoumbas,A (2215)-Stevic,H/
Szombathely 1993/TD (1/2-1/2, 60)}) 17... Bg7 {The position is characteristic
for the dreaded Nf3, h3 and Bd3 system against the Benoni. There are some
minor differences, though. Black has spent 3 tempi to reach the d7-square with
his queen's knight and just the same amount of time to place his bishop on g7,
but what has White been doing in the meanwhile? He has transferred his own
knight to g3 (2 tempi), thus putting some pressure over the black kingside,
but leaving the queenside slightly unnattended. The remaining 2 tempi have
been consumed for b3 and Bc2, which do not seem to fit together too well. the
advance of the b-pawn is supposedly aimed to inhibit a further ...c5, but for
this purpose the bishop would be needed on d3. However, all these are just
general aspects. Before seeing how they influence the further course of the
game, I would say that, based on my experience as a Benoni player, I prefer
White's chances slightly.} 18. Rb1 $1 {This move was recommended by
Kasimdzhanov. White eliminates the possibility of any tactical operation in
the centre.} (18. Bf4 Qb6 (18... Nxd5 $1 {Kasimdzhanov,R} 19. exd5 Rxe1+ 20.
Qxe1 Qf6 $1 21. Rd1 Qxf4 22. Qe7 Bc8 23. Qd8+ Bf8 24. Ne4 h6 25. Re1 Kg7 26.
Qc7 $44) 19. a4 $14 {Kasimdzhanov,R (2680)-Stevic,H (2550)/Jahorina 2003/CBM
094 ext (1-0, 50)}) (18. Bb2 {Kasimdzhanov,R} Nxe4 19. Bxg7 Nxg3 20. Bb2 Rxe1+
21. Qxe1 Nh5 22. Qd2 $44) 18... a5 {Taking advantage of the absence of the
bishop from d3 and of the knight from c3, Black starts the generally desirable
queenside expansion.} 19. Bf4 ({Given the concrete configuration on board,
Black seems to dispose over sufficient resources to maintain things under
control after} 19. a4 $5 Ba6 ({In fact, even giving up the tension with} 19...
b4 {would be playable, because Black can successfully fight for the control of
the c4-square.} 20. Bd3 Nb6 21. Nd2 Nfd7 22. Bb5 Ba6 $132 {[%csl Gc4]}) 20. Bd3
Rb8 21. Bf4 Qc7 22. Rc1 {. Threatening axb5 followed by Bxb5 and Nd4!} (22. Qc2
$5) 22... bxa4 $5 23. Bxa6 axb3 $44 {[%cal Ya5a2,Yb3b2]}) 19... Qc7 20. Bd3 Ba6
21. a4 {White resorts to this move anyway, but now Black has a choice already.}
(21. Qd2 b4 $5 $132 {[%cal Ya5a4]} (21... a4 22. b4 $1 $16 {[%csl Ya6,Gd4]} (
22. bxa4 b4 $132))) 21... c4 (21... Rab8 {would transpose to a previous
comment.}) 22. bxc4 bxc4 (22... b4 $5 $44 {[%csl Ga4][%cal Yd7c5]}) 23. Bc2 c3
$6 {This move offers White the desired stability in the centre and exposes the
courageous pawn.} (23... Nc5 $132 {[%cal Yc5d3,Yf6d7]}) 24. Re3 Nb6 25. Nd4
Nfd7 26. Ndf5 $1 {This elegant tactical blow will not lead to mate, but just
provoke the exchange of the dark-squared bishops, resulting in the elimination
of the c3-pawn.} Be5 (26... gxf5 27. Nxf5 {[%cal Ye3g3,Yd1g4]} Kh8 28. Bxd6 Qd8
29. Nxg7 Kxg7 30. Qh5 $18) 27. Nh6+ Kf8 28. Bxe5 Nxe5 29. Qd4 Nbc4 30. Rxc3 $16
Qa7 31. Qxa7 Rxa7 32. Ng4 Nd7 33. f3 h5 34. Nf2 Rc8 35. Ne2 Na3 36. Rxc8+ Bxc8
37. Rc1 Rc7 38. Bd1 Rxc1 39. Nxc1 Nb1 40. Nb3 Nc3 41. Nxa5 Nb6 42. h4 Bd7 43.
Nc6 Nbxa4 44. Bxa4 Nxa4 {[%mdl 4096]} 45. Nd3 Nb6 46. Kf2 Nc4 47. Nd4 Ke7 48.
Nc2 Na5 49. Na3 Nb3 50. Ke3 Be8 51. Nb4 Na5 52. Kd4 Nb3+ 53. Kc3 Nc5 54. Nd3
Nd7 55. Nc4 f6 56. f4 Nb8 57. e5 fxe5 58. fxe5 dxe5 59. Ndxe5 Kf6 60. Nf3 Bb5
61. Nd6 Bf1 62. Ne4+ Ke7 63. Ne1 Nd7 64. Kd4 Kf7 65. g3 Ke7 66. Nc2 Bg2 67. Nc5
Nxc5 68. Kxc5 Kf6 69. Ne3 Bh3 70. d6 Bd7 71. Kb6 Ke6 72. Kc7 Ba4 73. Nc2 Ke5 {
Apart from some hesitations, Morozevich has conducted the game well, but now
had to take some concrete decisions, based on accurate calculations. Not
really easy after several hours of play. Optically, Black's kingside
counterplay looks dangerous, but in fact Black has several ways to win.} 74.
Nb4 (74. d7 Bxd7 75. Kxd7 g5 (75... Kf5 76. Ne3+ Ke4 77. Ke6 $1 Kf3 78. Kf6
Kxg3 79. Kg5 $18) (75... Ke4 76. Ke6 Kf3 77. Kf6 Kxg3 78. Kg5 $18 {This is the
simplest way, but in fact the more spectacular 76.Nd4, distracting the enemy
king, is also winning.}) 76. hxg5 Kf5 77. Nd4+ Kxg5 78. Ke6 Kg4 (78... h4 79.
Nf3+ $1 $18) 79. Nf5 $18) 74... Be8 75. Kd8 $2 (75. Nc6+ Ke4 (75... Kf5 76.
Ne7+ Kg4 77. Nxg6 Kxg3 78. d7 $18) 76. d7 Bxd7 77. Kxd7 Kf3 78. Ne5+ Kxg3 79.
Nxg6 $18) 75... Ba4 76. Ke7 g5 $1 $11 77. Nd3+ Kf5 78. Nc5 Bb5 79. Ne6 gxh4 80.
Nd4+ Kg4 81. Nxb5 h3 (81... hxg3 $2 82. d7 g2 83. d8=Q $18 g1=Q 84. Qg8+ {
[%csl Gg1]}) 82. Nc3 Kxg3 83. Ne4+ Kg2 84. d7 h2 85. d8=Q h1=Q 86. Qd5 Qh4+ 87.
Kf7 Qf4+ 88. Kg6 Qg4+ 89. Kh6 Qf4+ 90. Kxh5 Qf3+ 91. Kg5 Qe3+ 92. Kf5 Qf3+ 93.
Ke5 Qe3 94. Qa2+ Kg1 95. Qb1+ Kg2 96. Qc2+ Kg1 97. Qd1+ Kg2 98. Qg4+ Kh2 99.
Qh4+ Kg2 100. Qh5 Kg1 101. Kf5 Qh3+ 102. Qxh3 1/2-1/2

[Event "EU-chT (Men) 20th"]
[Site "Reykjavik"]
[Date "2015.11.20"]
[Round "7.2"]
[White "Svetushkin, Dmitry"]
[Black "Marin, Mihail"]
[Result "1/2-1/2"]
[WhiteElo "2586"]
[BlackElo "2580"]
[Annotator "Marin,M"]
[PlyCount "82"]
[EventDate "2015.11.13"]
[EventType "team-swiss"]
[EventRounds "9"]
[EventCountry "ISL"]
[SourceTitle "CBM 170"]
[Source "ChessBase"]
[SourceDate "2016.01.15"]
[SourceVersion "1"]
[SourceVersionDate "2016.01.15"]
[SourceQuality "1"]
[WhiteTeam "Moldova"]
[BlackTeam "Romania"]
[WhiteTeamCountry "MDA"]
[BlackTeamCountry "ROU"]

1. e4 ({The following classical game inspired me to prepare to sacrifice a
pawn later in the game. It does not seem to be saved in the main databases so
I could not make a hyperlink to it, which would have been more convenient.} 1.
d4 Nf6 2. c4 c5 3. d5 e5 4. Nc3 d6 5. e4 g6 6. Bd3 Bg7 7. Nge2 Nbd7 8. h3 a6 9.
Be3 Nh5 10. Qd2 O-O 11. g4 Nf4 12. Nxf4 exf4 13. Bxf4 Ne5 14. Be2 b5 15. cxb5
axb5 16. Nxb5 Ra4 17. Nc3 Rd4 18. Qe3 Re8 19. Qg3 g5 20. Be3 Ng6 21. Bb5 Rexe4
22. Nxe4 Rxe4 23. O-O Rb4 24. Bd3 Be5 25. Qf3 Nh4 26. Qd1 Qf6 27. a3 Nf3+ 28.
Kg2 Bxg4 29. axb4 Nh4+ 30. Kg1 Bxd1 31. Rfxd1 cxb4 32. Be4 Bxb2 33. Ra8+ Kg7
34. Rb8 Bc3 35. Rxb4 Nf3+ 36. Bxf3 Qxf3 37. Rd3 Be5 38. Rg4 h6 39. Rd2 Qxh3 40.
Rg2 f6 {0-1 (40) Flohr,S-Larsen,B Copenhagen 1966}) 1... e5 2. Nf3 Nc6 3. Bb5
a6 4. Ba4 Nf6 5. O-O Be7 6. Re1 b5 7. Bb3 d6 8. c3 O-O 9. h3 Nb8 {Over the
past years I have tried several Spanish variations, but never in my life did I
try the Breyer! But since I had already adopted the Steinitz strucutre twice
in this championship (in my games with Steingrimsson and Banikas) and I have
annotated quite a lot of Breyer games, I found it tempting to give the Breyer
a try. Even though the game is marred by mutual strategic inaccuracies, I
found the experiment refreshing as the fight was very tense and interesting.}
10. d4 Nbd7 11. Nbd2 Bb7 12. Bc2 Re8 13. a4 $5 {The latest trend and the move
played by Dmitry in his only previous game against the Breyer.} c5 ({I
remembered rather well my recent analysis on} 13... Bf8 14. Bd3 c6 15. Qc2 Rc8
16. axb5 axb5 17. b4 c5 $1 $146 {Karjakin,S (2762)-Svidler,P (2727) Baku 2015
CBM 169 [Marin,M] (0-1, 38), but assumed that my last movge would transpose to
the main line.}) 14. d5 c4 $6 {There was no need to rush in with this move.} ({
A better form of carrying out my plan was} 14... g6 15. b3 (15. b4 Qc7) 15...
Nh5) 15. b4 {Dima played this quickly, showing that he had analysed the
position in detail.} ({But} 15. b3 {was more restrictive, since Black has
problems if trying to keep his pawn on c4:} Nb6 16. bxc4 Nxc4 17. Nxc4 bxc4 18.
a5 {Since ...a5 followed by ...Ba6 is not possible anymore and the c4-pawn
needs permanent care, Black has problems reaching a favourable regrouping with
his bishop to c8-d7-b5 and his knight to d7-c5.}) 15... g6 $5 {I decided to
apply a combination of familiar (to me) plans. On the kingside I would play in
the spirit of the Romanischin Chigorin system and on the queenside I planned
regrouping as seen in some old games of Chigorin.} (15... cxb3 16. Nxb3 Qc7 17.
Bd3 Qxc3 18. Be3 Rec8 19. Rc1 Qb4 20. Rb1 Qc3 21. axb5 axb5 22. Bxb5 $14 {
Topalov,V (2813)-Adams,M (2682) Novi Sad 2009 (1-0, 43)}) 16. Nf1 (16. g4 $143
{is premature due to} h5) 16... Nh5 {The logical follow-up of the previous
move, preventing Nf1-g3. Already now I planned to sacrifice a pawn in the
spirit of the game mentioned in the comments to the first move.} 17. Be3 Bf6
18. Qd2 Rb8 {Both sides play consequently. White increases his control over f4
to prepare g2-g4 while Black plans regrouping with ...Bc8, ...Nb6, ...Bd7.} 19.
Ra3 {Not only preparing to take over the control over the a-file but also
over-protecting the c3-pawn to prepare g2-g4.} (19. g4 {is premature. During
the game I calculated in a flash} Nf4 20. Bxf4 (20. Kh2 {is more cautious but
Black has great play anyway:} h5 21. gxh5 Nxh5 22. Ng3 Nf4 23. Ra3 Kg7 24. Bxf4
exf4 25. Qxf4 Ne5) 20... exf4 21. Qxf4 Bxc3 22. Qxd6 {Actually White should
not have enough compensation for the exchange, but I was glad that} Ne5 {
would be just winning:} 23. Qxd8 Nxf3+ 24. Kg2 Nxe1+ 25. Rxe1 Rbxd8) 19... Bc8
({It makes no sense to take measures against White's plan with} 19... Bg7 {
as after} 20. g4 Qf6 $2 21. Bg5 Qxf3 22. Re3 {the queen is trapped.}) 20. g4 $6
{This offers Black reasonable compensation for the pawn.} ({White should not
have hurried with this move, as the combination of Black's plans on both wings
is not very harmonious. The problem is that the planned ...Nb6 takes the
knight away from the e5-square, making the effects of g2-g4 more favourable
for White. Black would have had a hard job fidning a useful neutral move.} 20.
Rea1 $1) 20... Nf4 21. Bxf4 {In for a penny, ...} (21. Kh2 h5 $1 22. gxh5 Nxh5
23. axb5 axb5 24. Ng3 Nf4 25. Bxf4 exf4 26. Qxf4 Ne5 27. Kg2 g5 28. Qe3 Bxh3+
29. Kg1 Nxf3+ 30. Qxf3 Be5 $132) 21... exf4 22. axb5 {White could have waited
with this exchange for one more move, but this would not have made any
difference.} (22. Qxf4 Ne5 ({Dmitry probably feared} 22... a5 {but this is
premature:} 23. axb5 axb4 24. cxb4 Ne5 25. Nd4 $16) 23. N1h2 $6 (23. axb5 $1 {
transposes to the game.}) 23... a5 $5 24. axb5 axb4 25. cxb4 Bd7 $44) 22...
axb5 23. Qxf4 ({I had to consider} 23. Nd4 {, threatening to win material with
Nc6.} {The paradoxical} Bxd4 $5 {, giving away the control over the e5-square
is better.} ({My initial plan was} 23... Be5 {But after the better} 24. Nh2 ({
If} 24. Nc6 Qh4 25. f3 (25. Nxb8 f3 $17) 25... Qxh3 26. Nxb8 Nxb8 $15 {Black
has a great position, indeed.}) 24... Qh4 (24... h5 25. Nhf3 $1 hxg4 26. Nc6
Qf6 27. hxg4 Rb7 28. Kg2 $16) 25. Kg2 {I would have had to play} Bxd4 {anyway.
While this is acceptable, it basically means having misplaced the queen for
nothing.} 26. cxd4 Qh6 27. Nf3 Nf6 $13) 24. cxd4 g5 {There are several
elements justifying Black's compensation. He has a strong passed pawn and some
kingside space advantage. The white centre is immobile as the d5-pawn needs
defending. Finally, the only good square for the white knight is f3, but
placing it there would allow ...h7-h5.} 25. h4 (25. Nh2 Nf6 26. Bb1 Kg7 27. Nf3
h6 28. Qc2 Rh8 $36 {[%cal Gh6h5]}) 25... h6 26. f3 Kg7 $36 27. Qc1 $140 Qf6 28.
Qb2 gxh4) 23... Ne5 {Even though the position is static, the chronic weakness
on c3 ensures Black long term compensation for the pawn.} 24. N1h2 {The most
logical answer, preparing the reserve knight for fighting for the dark squares.
} (24. Nxe5 Bxe5 25. Qe3 (25. Qf3 Qg5 $36) 25... Qf6 26. Kg2 Bf4 27. Qf3 h5 $44
) (24. Nd4 Bg5 25. Qg3 Qf6 26. Qg2 h5 27. gxh5 Kh8 $1 28. hxg6 Nxg6 $44) (24.
N1d2 g5 25. Qe3 Ng6 26. Nd4 Bd7 $44) 24... Bd7 ({Right after playing my last
move I regretted not having started setting up the blockade on the dark
squares with} 24... g5 25. Qe3 (25. Qd2 {leaves the h3-pawn vulnerable:} h5 $1
26. gxh5 Bxh3) (25. Qg3 Ng6) 25... Ng6 (25... h5 $143 26. gxh5 $16) 26. Nd4
Bxd4 $1 $44 {[%cal Gg6f4]} (26... Bd7 {allows an effective regrouping:} 27. Ne2
$1 (27. Nhf3 Nf4 $132) 27... Be5 (27... Ra8 28. Rea1 Rxa3 29. Rxa3 $16) 28. Nf3
Bf4 29. Qd4 h5 30. Nxf4 gxf4 31. e5 $1)) 25. Qe3 {White hopes to set his
centre in motion with Nxe5 followed by f2-f4.} (25. Nd4 {would have led to
interesting complications:} Bg5 26. Qg3 Bh4 (26... Qf6 27. Nhf3 Bf4 28. g5 $1
Bxg3 29. gxf6 Bf4 30. Kg2 $16) 27. Qe3 (27. Qg2 Ra8 28. Rea1 Rxa3 29. Rxa3 Qf6
30. Nhf3 Qf4 $1 $132) 27... f5 28. gxf5 gxf5 29. Nhf3 Qf6 30. Nxe5 Rxe5 31. f4
Re7 32. Re2 fxe4 33. Rg2+ Kh8 $13) ({But once again it would have made some
sense to consolidate White's control over the a-file.} 25. Rea1 $5 g5 26. Qg3
$1 (26. Qe3 Ng6 27. Nd4 Bxd4 28. Qxd4 Nf4 29. Kf1 Nxh3) 26... Ng6 27. Qxd6 {
This is the difference with the bishop on d7.} Be7 (27... Nf4 $2 28. Ra7) 28.
Qg3 Nf4 29. Nd4 Bd6 30. Qf3 Be5 31. Nf1 Rb6 {[%cal Gb6f6] Black has more than
enough compensation for a pawn, but it is not entirely clear if this applies
to the missing 2 pawns!}) 25... Ra8 $1 26. Rea1 Rxa3 27. Rxa3 Nxf3+ 28. Nxf3 (
28. Qxf3 Be5 {keeps the centre under control.}) 28... Bg7 29. Ra7 f5 {This is
Black's only active possibility but it is rather double-edged as it weakens
his own kingside.} 30. Nd4 $6 {Based on a miscalculation.} ({The critical
continuation was} 30. gxf5 {when Black would have had to work hard to get a
draw:} gxf5 31. Nd4 (31. Qf4 fxe4 32. Bxe4 Qf6 33. Bxh7+ Kxh7 34. Qxf6 Bxf6 35.
Rxd7+ Kg6 36. Rxd6 Kf5 $44) 31... Bxd4 (31... fxe4 32. Nc6 $16 Bxc6 33. dxc6 d5
34. Rd7) 32. Qxd4 (32. cxd4 fxe4 33. Bxe4 Re7 $132) 32... Qg5+ (32... f4 33.
Kh2 Re5 34. Bd1 $18) 33. Kh2 f4 34. Qd1 $1 (34. Rxd7 $2 f3) 34... Re7 35. Qg1
Qxg1+ 36. Kxg1 Rg7+ (36... Kf7 37. e5 $1) 37. Kh2 f3 38. e5 dxe5 39. Be4 Rg2+
40. Kh1 Bxh3 41. d6 (41. Rxh7 Bg4) 41... Rxf2 42. d7 Bxd7 43. Rxd7 Rf1+ 44. Kh2
Rc1 45. Kg3 Rxc3 46. Rb7 h5 47. Rxb5 h4+ 48. Kf2 h3 49. Kg3 (49. Bxf3 h2) 49...
Rc1 50. Bxf3 c3 51. Kxh3 c2 52. Rc5 Rb1 $11 {The "only" thing required is
defending the R+B vs R for 50 moves.}) 30... fxg4 31. hxg4 Qh4 32. Qg3 ({
My opponent had initially planned} 32. Bd1 {but then noticed the strong} Be5 $1
({I was relying on} 32... Bxg4 $2 33. Qf4 Rf8 {but Dima had prepared} 34. Rxg7+
$1 Kxg7 35. Ne6+ {winning the queen.}) 33. Ne6 (33. Rxd7 $2 Qh2+ 34. Kf1 Bxd4
35. cxd4 Qh1+ 36. Ke2 Rxe4 $19) 33... Bxe6 34. dxe6 Qh2+ 35. Kf1 Rxe6 $13)
32... Qxg3+ 33. fxg3 {Things have calmed down and the white kingside has been
weakened in the process. I already started thinking whether I could win this
position.} Bxg4 ({I gave up my initially intended} 33... Bxd4+ 34. cxd4 Bxg4
35. Kg2 Rf8 {[%cal Gg4f3] when I noticed} 36. Ra3 {keeping things under
control. True, the position would be just equal.}) 34. Nxb5 {White is once
again a pawn up, but the black bishops are very strong.} Be5 35. Kg2 Rb8 $1 (
35... Rf8 36. Nd4) 36. Ba4 (36. Nd4 Bxd4 37. cxd4 Rxb4 $17 {[%csl Gc2]}) 36...
Rf8 {An effective switch from one wing to the other.} 37. Nc7 $1 {The best
defence in an apparently critical position.} ({The point behind the apparently
hesitant rook manoeuvre is that the e4-pawn is undefended so after} 37. Nd4
Bxd4 38. cxd4 Bf3+ {White has nothing better than} 39. Kf2 Bxe4+ 40. Ke3 Bxd5
$15) 37... Rf3 (37... Bf3+ 38. Kf2 Bxe4+ 39. Ke3 Bg2 40. Ne6 $44 {[%csl Gb4]})
38. Ne6 $1 {As simple as that. White threatens a perpetual with Ra8-f8-e8-f8.}
Rxg3+ 39. Kf2 Rf3+ 40. Kg2 Rg3+ 41. Kf2 Rf3+ 1/2-1/2